Statistiken für Länder der Welt Quiz - ersten zwei Buchstaben in 90 Sekunden

Klicken Sie hier um das Quiz zu spielen!

Allgemein

  • Dieses Quiz wurde 1,130 mal gespielt
  • Das Durchschnittsergebnis liegt bei 134 aus 196

Antwortstatistiken

Country % Korrekt
Demokratische
Republik Kongo
97%
Kambodscha
96%
Katar
96%
Rumänien
96%
Kanada
96%
Russland
96%
Kap Verde
96%
Kasachstan
96%
China
96%
Chile
96%
Ruanda
96%
Kamerun
96%
Vereinigte Staaten
94%
Venezuela
94%
Vereinigte Arabische
Emirate
94%
Vereinigtes Königreich
94%
Mali
93%
Mauretanien
93%
Marokko
93%
Malta
93%
Mauritius
93%
Marshallinseln
93%
Malaysia
93%
Malediven
93%
Mazedonien
93%
Malawi
93%
Madagaskar
93%
Brasilien
92%
Brunei
92%
Spanien
91%
Südsudan
90%
Sudan
90%
Suriname
90%
Mexiko
90%
Südkorea
90%
Südafrika
90%
Norwegen
90%
Nordkorea
90%
Argentinien
90%
Armenien
90%
Frankreich
89%
Deutschland
89%
Monaco
88%
Mosambik
88%
Moldawien
88%
Montenegro
88%
Mongolei
88%
Irland
87%
Irak
87%
Iran
87%
Libanon
86%
Paraguay
86%
Schweden
86%
Libyen
86%
Papua-Neuguinea
86%
Pakistan
86%
Schweiz
86%
Palau
86%
Panama
86%
Litauen
86%
Liechtenstein
86%
Liberia
86%
Nigeria
85%
Portugal
85%
Niger
85%
Polen
85%
Nicaragua
85%
Niederlande
85%
Indien
84%
Indonesien
84%
Australien
83%
Saudi-Arabien
81%
San Marino
81%
Salomonen
81%
St. Kitts und Nevis
81%
Republik Kongo
81%
St. Lucia
81%
St. Vincent und die
Grenadinen
81%
Samoa
81%
São Tomé und
Príncipe
81%
Albanien
81%
Algerien
81%
Sambia
81%
Komoren
80%
Kolumbien
80%
Kosovo
80%
Fidschi
78%
Finnland
78%
Tunesien
76%
Tuvalu
76%
Dänemark
76%
Türkei
76%
Peru
76%
Turkmenistan
76%
Bolivien
76%
Bosnien und
Herzegowina
76%
Botswana
76%
Usbekistan
75%
Israel
71%
Island
71%
Benin
70%
Belize
70%
Belgien
70%
Japan
68%
Jamaika
68%
Ägypten
67%
Namibia
66%
Nauru
66%
Italien
65%
Lettland
63%
Lesotho
63%
Nepal
62%
Neuseeland
62%
Antigua und Barbuda
61%
Kuwait
61%
Andorra
61%
Kuba
61%
Angola
61%
Taiwan
60%
Tadschikistan
60%
Tansania
60%
Bulgarien
60%
Somalia
60%
Burkina Faso
60%
Guinea-Bissau
60%
Burundi
60%
Guyana
60%
Guinea
60%
Guatemala
60%
Uruguay
58%
Serbien
57%
Seychellen
57%
Senegal
57%
Tschechien
57%
Tschad
57%
Ukraine
57%
Barbados
56%
Bahrain
56%
Bangladesch
56%
Bahamas
56%
Äthiopien
55%
Ecuador
53%
Thailand
52%
Elfenbeinküste
51%
Simbabwe
50%
Jemen
50%
Singapur
50%
Sierra Leone
50%
Estland
50%
Oman
50%
Osttimor
50%
Vietnam
48%
Grenada
48%
Griechenland
48%
Kenia
47%
Afghanistan
47%
Kirgisistan
47%
Kiribati
47%
Laos
46%
Birma
45%
Weißrussland
44%
Gabun
44%
Gambia
44%
Dominica
42%
Dominikanische
Republik
42%
Österreich
42%
Togo
41%
El Salvador
41%
Tonga
41%
Honduras
40%
Haiti
39%
Ungarn
39%
Slowenien
39%
Slowakei
39%
Vanuatu
37%
Vatikanstadt
37%
Costa Rica
37%
Philippinen
37%
Ghana
35%
Luxemburg
35%
Aserbaidschan
34%
Georgien
34%
Föderierte Staaten
von Mikronesien
34%
Jordanien
34%
Swasiland
33%
Syrien
33%
Kroatien
32%
Bhutan
31%
Zentralafrikanische
Republik
30%
Eritrea
29%
Sri Lanka
27%
Uganda
27%
Äquatorial-Guinea
25%
Dschibuti
23%
Zypern
21%
Trinidad und Tobago
16%

Verteilung der Resultate

Perzentil nach korrekt beantworteten Fragen

Anzahl Personen mit jedem Resultat

Ihre Resultats-Entwicklung

Sie haben dieses Quiz noch nicht gespielt